000 00558nam a2200217Ia 4500
003 OSt
005 20220928145704.0
006 a|||||r|||| 00| 0
007 ta
008 220927b |||||||| |||| 00| 0 eng d
024 _a81888
037 _cTextual
040 _aSDCL
_cSDCL
_beng
041 _2eng
_aeng
082 _aY:37k, N8 RR
100 _aCole Robert Ed.
_9514036
245 0 _aInternational encyclopedia of propaganda
260 _c1998
942 _hY:37k, N8 RR
_cTEXL
_2CC
999 _c834727
_d834727